000
00190nam a2200085Ia 4500
008
120527s9999 xx 000 0 und d
100
_a
Feagin, R. Joe
245
_a
Social Problems
942
_c
BK
999
_c
27659
_d
27659